Equipe de Yougoslavie Coupe du Monde 2018 - Statistiques

Statistiques générales
  • Ce quiz a été pris 104 fois
    101 depuis la dernière actualisation
  • Le résultat moyen est 14 sur 23
Statistiques - réponses
Joueur Pays Club % Correct
Luka Modric CRO Real Madrid
91%
Ivan Rakitic CRO FC Barcelone
84%
Jan Oblak SLO Atlético Madrid
84%
Danijel Subasic CRO AS Monaco
82%
Mario Mandzukic CRO Juventus Turin
80%
Miralem Pjanic BOS Juventus Turin
78%
Edin Dzeko BOS AS Rome
76%
Samir Handanovic SLO Inter Milan
74%
Mateo Kovacic CRO Real Madrid
71%
Nemanja Matic SER Manchester United
71%
Stefan Savic MON Atlético Madrid
62%
Stevan Jovetic MON AS Monaco
61%
Ivan Perisic CRO Inter Milan
59%
Sergej Milinkovic-Savic SER Lazio Rome
59%
Marcelo Brozovic CRO Inter Milan
56%
Domagoj Vida CRO Besiktas
54%
Aleksandar Kolarov SER AS Rome
47%
Sime Vrsaljko CRO Atlético Madrid
44%
Goran Pandev MAC Genoa
39%
Branislav Ivanovic SER Zénith Siant-Pétersbourg
36%
Vedran Corluka CRO Lokomotiv Moscou
29%
Ivan Strinic CRO AC Milan
15%
Antonio Rukavina SER Villarreal
7%
Aucun quiz correspondant
Distribution des résultats
% des personnes avec chaque résultat
Percentile par nombre de réponses
Votre historique - résultats
Vous n’avez pas pris ce quiz depuis la dernière actualisation